Mission : FCE 1 : coursebook

Saved in:
Bibliographic Details
Main Author: Evans, Virginia, 1945-
Other Authors: Dooley, Jenny
Format: Book
Language:English
Published: [χ.τ.] : Express Publishing, [19--?]
Subjects:
Tags: Add Tag
No Tags, Be the first to tag this record!

MARC

LEADER 00000cam a2200000 i 4500
001 1/34889
008 030401s eng d
020 |a 960-361-036-4 
035 |l 10069783 
040 |a GR-MY-UA  |b gre  |e aacr 
041 0 |a eng 
082 0 |a 428.24 
100 1 |a Evans, Virginia,   |d 1945- 
245 1 0 |a Mission :  |b FCE 1 : coursebook /  |c Virginia Evans, Jenny Dooley 
260 |a [χ.τ.] :   |b Express Publishing,   |c [19--?] 
300 |a 196 σ.;  |b εικ.;  |c 28 εκ. 
500 |a Περιέχει 2 κασσέτες 
650 0 0 |a English language  |x Study and teaching  |x Foreign speakers. 
700 1 |a Dooley, Jenny. 
852 |a INST  |b LESVOS  |e 20030401  |h 428.24 EVA  |p 005100024658  |q 005100024658  |t BK  |y 0 
901 |a BIBL1-2003-1 
909 |a Λ  |b 104407 
970 |a ΚΑΜΑΤΣΟΥ  |b ΔΕΣΠΟΙΝΑ  |z 2003/04/01